00873nam a22002417a 450000500170000001000110001702000100002803500110003803700160004904000120006508200130007724501140009026000550020427000440025930000280030365000430033165000430037470000290041770000260044694200220047299900190049495201180051320170124110057.0 a781576 c00.00 a781576 bCen Lib/Ret aDPLbEN a921bIND aIndia's great son :ccompiled and edited by Leonid Mitrokhin [and] Nikolai Fedinbsoviet people about Nehru / bAllied Publishers Private LimitedaNew Delhic1975 a13/14, Asaf Ali RoadbNew Delhie110001 a103p. :c19cm(Hb)bill. aNehru, Jawaharlal, -- 1889-1964926630 aStatesmen -- India -- Biography910868 aMitrokhin, Leonid926631 aFedin, Nikolai926632 2ddccENh921mIND c129527d129527 00104070aLbLd2015-07-06eCen Lib/Retg0.00l0o921 INDp781576r2015-07-06 00:00:00t1v0.00w2015-07-06yEN